000 00678nam a2200205Ia 4500
008 191130s2009##################000#0#eng##
020 _a9781604132281
022 _a2008038965
040 _aACL
_cACL
082 _a616.9313 GUI
245 _aDiphtheria
_cPatrick Guilfoile ; consulting editor, Hilary Babcock ; foreword by David Heymann
260 _aNew York
_bChelsea House
_c2009
300 _a120 p. : ill. (chiefly col.) ; 24 cm
500 _aIncludes bibliographical references (p. 105-110) and index
650 _aDiphtheria - Popular works
700 _aGuilfoile, Patrick
990 _a19d8c3acac10000c7bfdcafe93449cf2
991 _a144633
999 _c150683
_d150683